Zambia : (Record no. 122063)
[ view plain ]
| 000 -LEADER | |
|---|---|
| fixed length control field | 01102cam a2200337 i 4500 |
| 001 - CONTROL NUMBER | |
| control field | 11135474 |
| 003 - CONTROL NUMBER IDENTIFIER | |
| control field | ARRUPE |
| 005 - DATE AND TIME OF LATEST TRANSACTION | |
| control field | 20150312173338.0 |
| 008 - FIXED-LENGTH DATA ELEMENTS--GENERAL INFORMATION | |
| fixed length control field | 140822s2014 enkabf b 001 0 eng d |
| 020 ## - INTERNATIONAL STANDARD BOOK NUMBER | |
| International Standard Book Number | 9781780768212 (cloth) |
| 020 ## - INTERNATIONAL STANDARD BOOK NUMBER | |
| International Standard Book Number | 1780768214 (cloth) |
| 020 ## - INTERNATIONAL STANDARD BOOK NUMBER | |
| International Standard Book Number | 9781780768229 (Paper) |
| 020 ## - INTERNATIONAL STANDARD BOOK NUMBER | |
| International Standard Book Number | 1780768222 (Paper) |
| 024 ## - OTHER STANDARD IDENTIFIER | |
| Standard number or code | 40024385731 |
| 035 ## - SYSTEM CONTROL NUMBER | |
| System control number | (OCoLC)889998945 |
| 035 ## - SYSTEM CONTROL NUMBER | |
| System control number | (OCoLC)ocn889998945 |
| 035 ## - SYSTEM CONTROL NUMBER | |
| System control number | (NNC)11135474 |
| 040 ## - CATALOGING SOURCE | |
| Original cataloging agency | CDX |
| Language of cataloging | eng |
| Description conventions | rda |
| Transcribing agency | CDX |
| Modifying agency | YDXCP |
| -- | NhCcYBP |
| 043 ## - GEOGRAPHIC AREA CODE | |
| Geographic area code | f-za--- |
| 050 #4 - LIBRARY OF CONGRESS CALL NUMBER | |
| Classification number | DT3113 |
| Item number | .S27 2014 |
| 082 04 - DEWEY DECIMAL CLASSIFICATION NUMBER | |
| Classification number | 968.9404 |
| Edition number | 23 |
| 300 ## - PHYSICAL DESCRIPTION | |
| Other physical details | illustrations (chiefly color), map ; |
| Dimensions | 24 cm |
| 100 1# - MAIN ENTRY--PERSONAL NAME | |
| Personal name | Sardanis, Andrew, |
| Relator term | author. |
| 9 (RLIN) | 15180 |
| 245 10 - TITLE STATEMENT | |
| Title | Zambia : |
| Remainder of title | the first 50 years : reflections of an eyewitness / |
| Statement of responsibility, etc | Andrew Sardanis. |
| 260 ## - PUBLICATION, DISTRIBUTION, ETC. (IMPRINT) | |
| Place of publication, distribution, etc | London |
| Name of publisher, distributor, etc | I.B. Tauris |
| Date of publication, distribution, etc | 2014 |
| 300 ## - PHYSICAL DESCRIPTION | |
| Extent | ix, 370 pages, 8 unnumbered pages of plates : |
| 504 ## - BIBLIOGRAPHY, ETC. NOTE | |
| Bibliography, etc | Includes bibliographical references (pages 363-364) and index. |
| 651 #0 - SUBJECT ADDED ENTRY--GEOGRAPHIC NAME | |
| Geographic name | Zambia |
| General subdivision | History |
| Chronological subdivision | 1964- |
| 9 (RLIN) | 15181 |
| 942 ## - ADDED ENTRY ELEMENTS (KOHA) | |
| Source of classification or shelving scheme | Library of Congress Classification |
| Koha item type | Monograph ( Printed materials) |
| 948 1# - LOCAL PROCESSING INFORMATION (OCLC); SERIES PART DESIGNATOR (RLIN) | |
| Series part designator, SPT (RLIN) | 20150114 |
| b (OCLC) | c |
| c (OCLC) | jeb52 |
| d (OCLC) | MPS |
| Withdrawn status | Lost status | Source of classification or shelving scheme | Damaged status | Not for loan | Collection code | Home library | Current library | Shelving location | Date acquired | Total Checkouts | Full call number | Barcode | Date last seen | Price effective from | Koha item type |
|---|---|---|---|---|---|---|---|---|---|---|---|---|---|---|---|
| Library of Congress Classification | Main Collection | ARRUPE LIBRARY | ARRUPE LIBRARY | Main Collection | 17/02/2015 | DT3113 .S27 2014 | 46500001039 | 07/12/2017 | 17/02/2015 | Monograph ( Printed materials) |